000 01018cam a2200193ua 4500
020 _c50.00
041 _aeng
_h
082 _a635.9672
_bKAC/HA
100 _aKachroo, P .
110 1 _aKachroo .
_b
_c(p )
245 _aHand book of rock gardening on the hills /
_cP Kachroo.
_hTextual Documents
260 _aNew Delhi :
_bIndian Council for Agricultural Research ,
_c2002.
300 _a153 ; .
365 _a50.00
504 _a
700 1 _aPriya, Zarabi .
942 _cBK
999 _c12061
_d12061